[Event "23. OSREDNJA SLOVENSKA LIGA 2022"]
[Site "gostovanja"]
[Date "2022.10.13"]
[Round "4.2"]
[White "Borstar, Dusan"]
[Black "Skok, Boris"]
[Result "1/2-1/2"]
[WhiteElo "1657"]
[BlackElo "1897"]
[PlyCount "91"]
[EventDate "2022.10.13"]
[WhiteTeam "SK LJUBLJANA"]
[BlackTeam "SD CRNI GRABEN"]

1. e4 c5 2. Nf3 e6 3. d4 cxd4 4. Nxd4 Nc6 5. a3 Qc7 6. Be3 a6 7. Nb3 Nf6 8. Nc3
d6 9. f4 b5 10. Bd3 Be7 11. Qf3 Bb7 12. h3 O-O 13. Ne2 Rfe8 14. Qf2 Rac8 15.
Bb6 Qb8 16. Be3 d5 17. Ng3 dxe4 18. Nxe4 Nd5 19. Bd2 Rcd8 20. g4 f5 21. Nec5
Bc8 22. O-O-O Qb6 23. c4 Nc7 24. Be3 Qb8 25. Qg2 Rxd3 26. Nxd3 bxc4 27. Ndc5
Qb6 28. Rde1 Nd5 29. Bg1 Nxf4 30. Qf3 Nd5 31. Nxe6 Bg5+ 32. Kb1 Qxb3 33. Qxd5
Qd3+ 34. Qxd3 cxd3 35. gxf5 d2 36. Rd1 Bh6 37. Bb6 g6 38. Rhg1 Rxe6 39. fxe6
Bxe6 40. b4 Bxh3 41. Rh1 Bf5+ 42. Kb2 Bf4 43. Rhf1 g5 44. Kb3 Be6+ 45. Kc2 Bf5+
46. Kb3 1/2-1/2

[Event "23. OSREDNJA SLOVENSKA LIGA 2022"]
[Site "gostovanja"]
[Date "2022.10.13"]
[Round "4.3"]
[White "Majcen, Zoran"]
[Black "Juvan, Vid"]
[Result "1-0"]
[WhiteElo "1816"]
[BlackElo "1564"]
[PlyCount "93"]
[EventDate "2022.10.13"]
[WhiteTeam "SD CRNI GRABEN"]
[BlackTeam "SK LJUBLJANA"]

1. d4 Nf6 2. Bf4 d5 3. Nf3 c5 4. e3 Nc6 5. h3 Qb6 6. Nbd2 cxd4 7. exd4 Nxd4 8.
Be5 Nxf3+ 9. Nxf3 Qb4+ 10. Bc3 Qe4+ 11. Be2 e6 12. O-O Bd7 13. Re1 Qf4 14. Be5
Qb4 15. c3 Qb6 16. Bf1 Ne4 17. Bd4 Bc5 18. Bd3 Bxd4 19. Nxd4 Nf6 20. Qc2 Rc8
21. g4 g6 22. Qd2 h5 23. Qf4 Ng8 24. Qe5 Rh7 25. g5 Ne7 26. Qf6 Qd6 27. Nf3 Ng8
28. Qd4 Qc5 29. Qe5 Bc6 30. Bxg6 fxg6 31. Qxe6+ Ne7 32. Qxc8+ Kf7 33. Qe6+ Kf8
34. Ne5 d4 35. cxd4 Qb5 36. a4 Qa5 37. Qf6+ Ke8 38. Nxc6 bxc6 39. Qxg6+ Rf7 40.
Qxc6+ Kd8 41. Qd6+ Ke8 42. Rac1 Qxg5+ 43. Kf1 Rxf2+ 44. Kxf2 Qh4+ 45. Kg2 Qg5+
46. Kh2 Qd2+ 47. Kh1 1-0

[Event "23. OSREDNJA SLOVENSKA LIGA 2022"]
[Site "gostovanja"]
[Date "2022.10.13"]
[Round "4.4"]
[White "Glavac, Leo"]
[Black "Erazem, Franc"]
[Result "1/2-1/2"]
[WhiteElo "1298"]
[BlackElo "1485"]
[PlyCount "81"]
[EventDate "2022.10.13"]
[WhiteTeam "SK LJUBLJANA"]
[BlackTeam "SD CRNI GRABEN"]

1. e4 b6 2. d4 Bb7 3. Bd3 g6 4. c4 Bg7 5. Nf3 e6 6. Nc3 Ne7 7. Be3 d6 8. Qd2
Nd7 9. Bh6 O-O 10. Bxg7 Kxg7 11. O-O c5 12. d5 exd5 13. exd5 f6 14. Rae1 Ne5
15. Nxe5 fxe5 16. f4 exf4 17. Rxf4 Rxf4 18. Qxf4 Bc8 19. Nb5 Bf5 20. Bxf5 Nxf5
21. g4 a6 22. gxf5 axb5 23. Re6 gxf5 24. Rxd6 Qf8 25. Qh6+ Kg8 26. Qxf8+ Kxf8
27. a3 Re8 28. Rf6+ Ke7 29. Rxf5 Rb8 30. Rf2 Kd6 31. Rd2 Rf8 32. Kg2 Rf4 33.
Kg3 Rd4 34. Rc2 bxc4 35. Kf3 h5 36. Ke3 Rd3+ 37. Kf4 Kxd5 38. h4 c3 39. a4 cxb2
40. Rxb2 c4 41. Kg5 {nejasno (47)} 1/2-1/2

[Event "23. OSREDNJA SLOVENSKA LIGA 2022"]
[Site "gostovanja"]
[Date "2022.10.13"]
[Round "4.2"]
[White "Logar, Metod"]
[Black "Veskovic, Dzemal"]
[Result "1-0"]
[WhiteElo "1946"]
[BlackElo "1860"]
[PlyCount "117"]
[EventDate "2022.10.13"]
[WhiteTeam "SS TOMO ZUPAN KRANJ"]
[BlackTeam "SD MENGES-TRZIN 1"]

1. e4 e6 2. d4 d6 3. Nc3 Be7 4. Nf3 Nd7 5. Bd3 e5 6. O-O Ngf6 7. Re1 O-O 8. b3
c5 9. dxe5 Nxe5 10. Bb2 Bg4 11. Be2 Bxf3 12. Bxf3 a6 13. Be2 b5 14. f4 Ng6 15.
Bf3 Nxf4 16. e5 dxe5 17. Bxa8 Qxa8 18. Qf3 Qb8 19. Rad1 b4 20. Ne4 Nxe4 21.
Qxe4 f6 22. Rd7 Qe8 23. Red1 Kh8 24. g3 Ng6 25. a4 f5 26. Qd5 f4 27. Bxe5 c4
28. Bd4 fxg3 29. hxg3 cxb3 30. cxb3 h6 31. Qe6 Kh7 32. Re1 Qb8 33. Kg2 Qa8+ 34.
Qe4 Qxe4+ 35. Rxe4 Bf6 36. Bxf6 Rxf6 37. Rxb4 Ne5 38. Rd2 g5 39. Re4 Nc6 40. b4
Kg6 41. b5 axb5 42. axb5 Na7 43. Rb4 Rb6 44. Rdb2 h5 45. Kf3 Kf5 46. Ke3 Ke5
47. Ra2 Rb7 48. b6 Nc8 49. Ra5+ Kf6 50. Kd4 h4 51. g4 Ne7 52. Kc5 h3 53. Ra7
Rb8 54. b7 h2 55. Ra1 Ng6 56. Kd6 Nf4 57. Kc7 Rxb7+ 58. Kxb7 Ne2 59. Rh1 1-0

[Event "23. OSREDNJA SLOVENSKA LIGA 2022"]
[Site "gostovanja"]
[Date "2022.10.13"]
[Round "4.3"]
[White "Simicak, Metod"]
[Black "Smirnov, Maksim"]
[Result "0-1"]
[WhiteElo "1706"]
[BlackElo "1293"]
[PlyCount "46"]
[EventDate "2022.10.13"]
[WhiteTeam "SD MENGES-TRZIN 1"]
[BlackTeam "SS TOMO ZUPAN KRANJ"]

1. e4 c6 2. Nc3 d5 3. d4 dxe4 4. Nxe4 Nf6 5. Nxf6+ exf6 6. Bc4 Bf5 7. Ne2 Bd6
8. Bd3 Bxd3 9. Qxd3 Nd7 10. Bd2 a5 11. c4 O-O 12. c5 Bc7 13. Qf3 Re8 14. O-O-O
b6 15. Be3 bxc5 16. dxc5 Qe7 17. Qxc6 Ne5 18. Qa4 Reb8 19. Rd2 Rb4 20. Qd1 Qe6
21. Nf4 Qxa2 22. Rc2 Qa1+ 23. Kd2 Rd8+ 0-1

[Event "23. OSREDNJA SLOVENSKA LIGA 2022"]
[Site "gostovanja"]
[Date "2022.10.13"]
[Round "4.4"]
[White "Demsar, Maks"]
[Black "Grasic, Marjan"]
[Result "1-0"]
[WhiteElo "1229"]
[BlackElo "1696"]
[PlyCount "89"]
[EventDate "2022.10.13"]
[WhiteTeam "SS TOMO ZUPAN KRANJ"]
[BlackTeam "SD MENGES-TRZIN 1"]

1. e4 e5 2. Nc3 Nf6 3. f4 d6 4. Nf3 Bg4 5. h3 Bxf3 6. Qxf3 Nc6 7. Bb5 a6 8.
Bxc6+ bxc6 9. fxe5 dxe5 10. d3 Bc5 11. Be3 Bxe3 12. Qxe3 Qd4 13. Qxd4 exd4 14.
Ne2 c5 15. g4 Ke7 16. b3 a5 17. a4 c6 18. Kd2 h5 19. g5 Nh7 20. h4 Nf8 21. Nf4
Nd7 22. Rhf1 Ne5 23. Ne2 Ng4 24. Rf5 g6 25. Rxc5 Kd6 26. Rc4 c5 27. Rf1 Rhf8
28. c3 dxc3+ 29. Nxc3 f5 30. exf5 Rxf5 31. Rxf5 gxf5 32. Nb5+ Ke7 33. Rxc5 f4
34. Rf5 Rf8 35. Rxf8 Kxf8 36. Ke2 Nh2 37. Kf2 Ng4+ 38. Kf3 Ne5+ 39. Kxf4 Nxd3+
40. Kf5 Kg7 41. Nd4 Nc1 42. g6 Kh6 43. Kf6 Nxb3 44. g7 Nxd4 45. g8=Q 1-0

[Event "23. OSREDNJA SLOVENSKA LIGA 2022"]
[Site "gostovanja"]
[Date "2022.10.13"]
[Round "4.1"]
[White "Perme, Martin"]
[Black "Ocepek, Marjan"]
[Result "1-0"]
[WhiteElo "1710"]
[BlackElo "1588"]
[PlyCount "49"]
[EventDate "2022.10.13"]
[WhiteTeam "SK KOMENDA POPOTNIK"]
[BlackTeam "SD MENGES-TRZIN 2"]

1. e4 c6 2. d4 d5 3. e5 Bf5 4. h4 h5 5. Nh3 Nd7 6. Nf4 g6 7. Bd3 e6 8. Bxf5
exf5 9. e6 fxe6 10. Nxe6 Qe7 11. O-O Kf7 12. Ng5+ Kg7 13. Re1 Qb4 14. c3 Qb6
15. Qe2 c5 16. dxc5 Bxc5 17. b4 Be7 18. Qd3 Ndf6 19. Re6 Bd6 20. Be3 Qc6 21. c4
Ne7 22. c5 Ne4 23. Bd4+ Kf8 24. cxd6 Nxg5 25. dxe7+ 1-0

[Event "23. OSREDNJA SLOVENSKA LIGA 2022"]
[Site "gostovanja"]
[Date "2022.10.13"]
[Round "4.2"]
[White "Posavec, Zvone"]
[Black "Zidar, Jernej"]
[Result "0-1"]
[WhiteElo "1298"]
[BlackElo "1665"]
[PlyCount "58"]
[EventDate "2022.10.13"]
[WhiteTeam "SD MENGES-TRZIN 2"]
[BlackTeam "SK KOMENDA POPOTNIK"]

1. e4 c5 2. Nf3 d6 3. h3 Nf6 4. Nc3 a6 5. d4 cxd4 6. Nxd4 e5 7. Nf3 Qc7 8. Bd3
h6 9. Be3 Be6 10. Qe2 Be7 11. O-O O-O 12. a4 Nc6 13. Rfd1 Rac8 14. Na2 d5 15.
Bd2 dxe4 16. Bxe4 Nxe4 17. Qxe4 f5 18. Qe2 e4 19. Nh2 Nd4 20. Qe3 Nxc2 21. Rdc1
Nxe3 22. Rxc7 Rxc7 23. Bxe3 Bxa2 24. Rxa2 Bc5 25. g4 f4 26. Bd2 e3 27. fxe3
fxe3 28. Be1 Bd4 29. Ra3 Rc1 0-1

[Event "23. OSREDNJA SLOVENSKA LIGA 2022"]
[Site "gostovanja"]
[Date "2022.10.13"]
[Round "4.3"]
[White "Snedec, Aljaz"]
[Black "Strajhar, Albin"]
[Result "1-0"]
[WhiteElo "1000"]
[BlackElo "1815"]
[PlyCount "81"]
[EventDate "2022.10.13"]
[WhiteTeam "SK KOMENDA POPOTNIK"]
[BlackTeam "SD MENGES-TRZIN 2"]

1. e4 c5 2. Nf3 Nc6 3. d4 cxd4 4. Nxd4 e6 5. Nxc6 bxc6 6. Nc3 d6 7. Bf4 Rb8 8.
Rb1 Nf6 9. e5 Nd5 10. Nxd5 exd5 11. exd6 Bxd6 12. Bxd6 Qxd6 13. Bd3 O-O 14. O-O
Qf6 15. b3 Bf5 16. Qf3 Bg6 17. Qxf6 gxf6 18. Bxg6 fxg6 19. Rfe1 Rfe8 20. Kf1
Kf7 21. Rxe8 Rxe8 22. Re1 Rxe1+ 23. Kxe1 Ke6 24. Ke2 c5 25. c4 a5 26. cxd5+
Kxd5 27. Kd3 h6 28. f4 f5 29. g3 h5 30. h4 Kd6 31. Kc4 Kc6 32. a4 Kd6 33. Kb5
Kd5 34. Kxa5 Ke4 35. Kb5 Kf3 36. a5 Kxg3 37. a6 Kxf4 38. a7 Kg4 39. a8=Q Kxh4
40. Qh1+ Kg5 41. Qg2+ 1-0

[Event "23. OSREDNJA SLOVENSKA LIGA 2022"]
[Site "gostovanja"]
[Date "2022.10.13"]
[Round "4.4"]
[White "Saradjen, Darja"]
[Black "Ojstersek, Peter"]
[Result "0-1"]
[WhiteElo "1739"]
[BlackElo "1605"]
[PlyCount "86"]
[EventDate "2022.10.13"]
[WhiteTeam "SD MENGES-TRZIN 2"]
[BlackTeam "SK KOMENDA POPOTNIK"]

1. e4 c6 2. Nf3 d5 3. exd5 cxd5 4. d4 Bg4 5. Be2 Nf6 6. O-O e6 7. a3 a6 8. Re1
Be7 9. Be3 Nc6 10. Nbd2 O-O 11. b3 Qc7 12. h3 Bh5 13. c4 a5 14. Qc1 Bg6 15. Nf1
Rfd8 16. Ng3 Ne4 17. Bf4 Qb6 18. c5 Qa7 19. Qe3 b6 20. b4 axb4 21. Bb5 Qb7 22.
Bxc6 Qxc6 23. Ne5 Qb5 24. Nxg6 hxg6 25. Bc7 Rd7 26. Bxb6 bxa3 27. Rxa3 Rxa3 28.
Qxa3 Qxb6 29. cxb6 Bxa3 30. Ra1 Nxg3 31. Rxa3 Ne4 32. Ra7 Rd8 33. Rc7 Rb8 34.
Rc6 Rb7 35. f3 Nf6 36. Kf2 Kf8 37. Ke3 Ke7 38. g4 Kd7 39. Rc7+ Rxc7 40. bxc7
Kxc7 41. Kf4 Kc6 42. h4 Kb5 43. Ke5 Kc4 0-1

[Event "23. OSREDNJA SLOVENSKA LIGA 2022"]
[Site "gostovanja"]
[Date "2022.10.13"]
[Round "4.1"]
[White "Kutin, Dusan"]
[Black "Justin, Matjaz"]
[Result "0-1"]
[WhiteElo "1776"]
[BlackElo "2250"]
[PlyCount "40"]
[EventDate "2022.10.13"]
[WhiteTeam "KPSRD KAREL JERAJ"]
[BlackTeam "SD VRHNIKA"]

1. e4 c5 2. c3 d5 3. Nf3 dxe4 4. Qa4+ Nc6 5. Qxe4 Nf6 6. Qe2 g6 7. h3 Bg7 8. d3
O-O 9. Nbd2 b6 10. g4 Ba6 11. c4 Qd7 12. Qd1 Nb4 13. Ne5 Qe6 14. f4 Bb7 15. Rg1
Rad8 16. Kf2 Nd7 17. a3 Nxe5 18. axb4 Nxd3+ 19. Bxd3 Rxd3 20. Re1 Be4 0-1

[Event "23. OSREDNJA SLOVENSKA LIGA 2022"]
[Site "gostovanja"]
[Date "2022.10.13"]
[Round "4.2"]
[White "Praznik, Anton"]
[Black "Novakovic, Novica"]
[Result "1-0"]
[WhiteElo "2096"]
[BlackElo "1673"]
[PlyCount "77"]
[EventDate "2022.10.13"]
[WhiteTeam "SD VRHNIKA"]
[BlackTeam "KPSRD KAREL JERAJ"]

1. e4 c6 2. d3 d5 3. Nd2 dxe4 4. dxe4 Nf6 5. Ngf3 Bg4 6. Bc4 Bxf3 7. Qxf3 e6 8.
O-O Nbd7 9. Qg3 Qb8 10. f4 Bc5+ 11. Kh1 O-O 12. e5 Nd5 13. Ne4 Be7 14. a3 Nc5
15. Nxc5 Bxc5 16. Bd3 Ne7 17. Qh3 g6 18. Qh6 Nf5 19. Bxf5 exf5 20. Rf3 f6 21.
Be3 Bxe3 22. Rxe3 fxe5 23. Rxe5 Re8 24. Rae1 Rxe5 25. fxe5 Qf8 26. Qe3 Qe7 27.
h3 a6 28. Qb3+ Kg7 29. Qc3 Kg8 30. e6 Rd8 31. Qe3 Rd5 32. c4 Rd8 33. Kg1 Kg7
34. Qe5+ Kg8 35. Re2 Rd1+ 36. Kh2 Rd6 37. g3 Rd8 38. h4 Rd6 39. Qxd6 1-0

[Event "23. OSREDNJA SLOVENSKA LIGA 2022"]
[Site "gostovanja"]
[Date "2022.10.13"]
[Round "4.3"]
[White "Vertacnik, Viktor"]
[Black "Siraj, Svit"]
[Result "0-1"]
[WhiteElo "1600"]
[BlackElo "2153"]
[PlyCount "40"]
[EventDate "2022.10.13"]
[WhiteTeam "KPSRD KAREL JERAJ"]
[BlackTeam "SD VRHNIKA"]

1. e4 e5 2. Nf3 Nc6 3. Bc4 Bc5 4. c3 Nf6 5. d3 O-O 6. O-O d6 7. Nbd2 a6 8. Bb3
Ba7 9. Nc4 Ne7 10. Be3 b5 11. Ncd2 c5 12. h3 Ng6 13. Re1 Bb7 14. Bc2 Re8 15.
Nf1 d5 16. Ng3 Qc7 17. Rc1 h6 18. Bb1 Rad8 19. Qc2 Qb8 20. Nd2 d4 0-1

[Event "23. OSREDNJA SLOVENSKA LIGA 2022"]
[Site "gostovanja"]
[Date "2022.10.13"]
[Round "4.4"]
[White "Sever, Gasper"]
[Black "Cizman, Gregor"]
[Result "1/2-1/2"]
[WhiteElo "1241"]
[BlackElo "1521"]
[PlyCount "66"]
[EventDate "2022.10.13"]
[WhiteTeam "SD VRHNIKA"]
[BlackTeam "KPSRD KAREL JERAJ"]

1. e4 c6 2. d4 d5 3. Nc3 dxe4 4. Nxe4 Bf5 5. Ng3 Bg6 6. Nf3 Nd7 7. h4 h6 8. h5
Bh7 9. Bd3 Bxd3 10. Qxd3 e6 11. Bd2 Ngf6 12. O-O-O Qc7 13. c4 O-O-O 14. Ne2 Ng4
15. Rhf1 Ngf6 16. Rh1 Ng4 17. Rdf1 Be7 18. Bf4 Bd6 19. Bxd6 Qxd6 20. Kc2 Nc5
21. Qa3 Na6 22. Qxd6 Rxd6 23. Rh4 Nf6 24. Ne5 Rf8 25. Rd1 Nb8 26. b4 a6 27. Nc3
Rdd8 28. Rd3 Nbd7 29. Rg3 Nxe5 30. dxe5 Nd7 31. Rxg7 Nxe5 32. Re4 Nd3 33. a3
Nxf2 1/2-1/2

[Event "23. OSREDNJA SLOVENSKA LIGA 2022"]
[Site "gostovanja"]
[Date "2022.10.13"]
[Round "4.1"]
[White "Keber, Aljosa"]
[Black "Jukan, Nesib"]
[Result "0-1"]
[WhiteElo "1548"]
[BlackElo "1972"]
[PlyCount "60"]
[EventDate "2022.10.13"]
[WhiteTeam "SK KOMENDA POGI"]
[BlackTeam "SK TRZIN PEKOS PUB"]

1. e4 e5 2. Nf3 Nf6 3. d4 Nxe4 4. Bd3 d5 5. Nxe5 Nd7 6. Nc3 Nxc3 7. bxc3 Nxe5
8. dxe5 Bc5 9. Qh5 g6 10. Qh6 Bf8 11. Qf4 Qe7 12. O-O Bg7 13. Re1 O-O 14. Qg3
Re8 15. Bg5 Qc5 16. Bd2 Bd7 17. a4 Re6 18. Qf4 Qe7 19. c4 d4 20. Qxd4 Rxe5 21.
Be4 Re8 22. Bc3 c5 23. Qxe5 Bxe5 24. Bd5 Qd6 25. Red1 Be6 26. Bxb7 Qc7 27. Bxe5
Qxe5 28. Bd5 Qc3 29. Rab1 Qxc2 30. Bc6 Rf8 0-1

[Event "23. OSREDNJA SLOVENSKA LIGA 2022"]
[Site "gostovanja"]
[Date "2022.10.13"]
[Round "4.2"]
[White "Leben, Dusan"]
[Black "Cimperman, Teo"]
[Result "0-1"]
[WhiteElo "1831"]
[BlackElo "1433"]
[PlyCount "48"]
[EventDate "2022.10.13"]
[WhiteTeam "SK TRZIN PEKOS PUB"]
[BlackTeam "SK KOMENDA POGI"]

1. e4 c5 2. Nf3 Nc6 3. d4 cxd4 4. Nxd4 g6 5. Be3 Bg7 6. Nc3 Nf6 7. f3 O-O 8.
Qd2 d5 9. Nxc6 bxc6 10. O-O-O Be6 11. exd5 Nxd5 12. Nxd5 cxd5 13. Bh6 Bxh6 14.
Qxh6 Qa5 15. Kb1 Rab8 16. b3 Rfc8 17. Qd2 Qa3 18. h4 d4 19. Bd3 Rc3 20. h5 Bxb3
21. cxb3 Rcxb3+ 22. Ka1 Rb2 23. Bc4 Rxd2 24. Rxd2 Qc3+ 0-1

[Event "23. OSREDNJA SLOVENSKA LIGA 2022"]
[Site "gostovanja"]
[Date "2022.10.13"]
[Round "4.3"]
[White "Macek, Inti"]
[Black "Konvalinka, Kostja"]
[Result "1/2-1/2"]
[WhiteElo "1242"]
[BlackElo "1672"]
[PlyCount "68"]
[EventDate "2022.10.13"]
[WhiteTeam "SK KOMENDA POGI"]
[BlackTeam "SK TRZIN PEKOS PUB"]

1. d4 Nf6 2. Nf3 e6 3. c4 d5 4. Nc3 c5 5. dxc5 Bxc5 6. cxd5 exd5 7. e3 Nc6 8.
Be2 O-O 9. O-O Bf5 10. Qb3 Qd7 11. Rd1 Rad8 12. Bb5 Rfe8 13. Nd4 Bg6 14. Qa4
Bxd4 15. Bxc6 bxc6 16. Qxd4 Ne4 17. Nxe4 Rxe4 18. Qd2 Rde8 19. b3 Bh5 20. Re1
d4 21. Bb2 c5 22. exd4 Re2 23. Rxe2 Rxe2 24. Qc3 cxd4 25. Qxd4 Qxd4 26. Bxd4 a6
27. Rc1 f6 28. a4 Rd2 29. Bc3 Ra2 30. g3 Bf7 31. Rb1 Ra3 32. Bb4 Rxb3 33. Rxb3
Bxb3 34. a5 Kf7 1/2-1/2

[Event "23. OSREDNJA SLOVENSKA LIGA 2022"]
[Site "gostovanja"]
[Date "2022.10.13"]
[Round "4.4"]
[White "Markic, Vladimir"]
[Black "Babarovic, Fran"]
[Result "1-0"]
[WhiteElo "1600"]
[BlackElo "1172"]
[PlyCount "83"]
[EventDate "2022.10.13"]
[WhiteTeam "SK TRZIN PEKOS PUB"]
[BlackTeam "SK KOMENDA POGI"]

1. d4 d5 2. Nf3 c6 3. e3 Nf6 4. h3 Bf5 5. Bd3 Bg6 6. O-O e6 7. Ne5 Bd6 8. Nxg6
hxg6 9. Qe2 Nbd7 10. c3 e5 11. dxe5 Nxe5 12. Bc2 Qc7 13. Nd2 O-O-O 14. b4 Rh5
15. a4 Rdh8 16. f4 Ned7 17. Nf3 Re8 18. Ba3 Bxf4 19. Bc1 Bg3 20. b5 Ne4 21.
bxc6 Qxc6 22. Bxe4 Rxe4 23. Bd2 f6 24. Nd4 Qd6 25. Nf3 Rh6 26. c4 d4 27. Qd3
Nc5 28. Qa3 d3 29. Bb4 b6 30. a5 Qc6 31. axb6 axb6 32. Bxc5 bxc5 33. Qa7 Bc7
34. Rfd1 Rxe3 35. Qa3 Qd6 36. Qa8+ Kd7 37. Ra6 Qf4 38. Qc6+ Ke7 39. Ra7 Kd8 40.
Ra8+ Ke7 41. Qe8+ Kd6 42. Ra6+ 1-0

[Event "23. OSREDNJA SLOVENSKA LIGA 2022"]
[Site "gostovanja"]
[Date "2022.10.20"]
[Round "5.1"]
[White "Markun, Ozbej"]
[Black "Krumpak, Hinko"]
[Result "1/2-1/2"]
[WhiteElo "1986"]
[BlackElo "2032"]
[PlyCount "40"]
[EventDate "2022.10.20"]
[WhiteTeam "SS TOMO ZUPAN KRANJ"]
[BlackTeam "SK TRZIN BUSCOTARDE"]

1. e4 d5 2. exd5 Qxd5 3. Nc3 Qd6 4. d4 Nf6 5. Bc4 c6 6. Nge2 Be6 7. Bd3 Qd7 8.
O-O Bf5 9. Bxf5 Qxf5 10. Ng3 Qa5 11. Qd3 e6 12. b3 Be7 13. Bb2 Nbd7 14. Rfe1
O-O 15. Nce2 Ba3 16. Bc3 Bb4 17. Bxb4 Qxb4 18. c3 Qa3 19. Nf4 a5 20. c4 a4
1/2-1/2

[Event "23. OSREDNJA SLOVENSKA LIGA 2022"]
[Site "gostovanja"]
[Date "2022.10.20"]
[Round "5.2"]
[White "Lah, Emil"]
[Black "Bobnar, Samo"]
[Result "1/2-1/2"]
[WhiteElo "1952"]
[BlackElo "1760"]
[PlyCount "54"]
[EventDate "2022.10.20"]
[WhiteTeam "SK TRZIN BUSCOTARDE"]
[BlackTeam "SS TOMO ZUPAN KRANJ"]

1. e4 d5 2. exd5 Nf6 3. Nf3 Qxd5 4. Nc3 Qh5 5. d4 Bg4 6. Be3 Bxf3 7. Qxf3 Qxf3
8. gxf3 Nc6 9. d5 Ne5 10. Be2 O-O-O 11. O-O-O Kb8 12. f4 Ned7 13. Bf3 Nb6 14.
Rhe1 g6 15. Bd4 Rg8 16. Be5 Ne8 17. Kb1 Nd6 18. b3 Bh6 19. Ne2 Rge8 20. c4 Nd7
21. Nd4 Nc5 22. Kc2 f6 23. Bxd6 exd6 24. f5 gxf5 25. Nxf5 Bf4 26. b4 Na6 27. a3
Be5 1/2-1/2

[Event "23. OSREDNJA SLOVENSKA LIGA 2022"]
[Site "gostovanja"]
[Date "2022.10.20"]
[Round "5.3"]
[White "Smirnov, Maksim"]
[Black "Krupenko, Peter"]
[Result "0-1"]
[WhiteElo "1293"]
[BlackElo "1928"]
[PlyCount "118"]
[EventDate "2022.10.20"]
[WhiteTeam "SS TOMO ZUPAN KRANJ"]
[BlackTeam "SK TRZIN BUSCOTARDE"]

1. d4 d5 2. Bf4 c5 3. c3 Nc6 4. e3 Nf6 5. Nf3 Qb6 6. Qc2 cxd4 7. exd4 Bf5 8.
Qb3 e6 9. Nbd2 Be7 10. Qxb6 axb6 11. Bb5 Bc2 12. a4 O-O 13. O-O Nh5 14. Bc7 Na7
15. Be2 Nc8 16. Ne5 Nf4 17. Bb5 Bd8 18. Bxd8 Rxd8 19. g3 Ng6 20. Rfc1 Bf5 21.
Nxg6 Bxg6 22. Nf3 Nd6 23. Be2 f6 24. Re1 Be8 25. Bd1 Kf7 26. Bc2 Rdc8 27. Nh4
g6 28. Ng2 Nc4 29. Reb1 Nd2 30. Rd1 Nc4 31. Rdb1 b5 32. axb5 Bxb5 33. Ne3 Nd6
34. f3 Bc6 35. Kf2 b5 36. h4 Rcb8 37. b3 Rc8 38. Ke2 Ke7 39. g4 Be8 40. Kd2 Bf7
41. Re1 Kd7 42. f4 b4 43. cxb4 Nb5 44. Kd3 Rc3+ 45. Kd2 Rac8 46. Rf1 Nxd4 47.
Ra2 Nxb3+ 48. Bxb3 Rxb3 49. Ra7+ Rc7 50. Rxc7+ Kxc7 51. Rc1+ Kb7 52. Nc2 Rf3
53. f5 gxf5 54. gxf5 Rxf5 55. Rg1 Bg6 56. Nd4 Re5 57. b5 Re4 58. Nc6 Rxh4 59.
Nd8+ Kb6 0-1

[Event "23. OSREDNJA SLOVENSKA LIGA 2022"]
[Site "gostovanja"]
[Date "2022.10.20"]
[Round "5.4"]
[White "Rojs, Igor"]
[Black "Demsar, Maks"]
[Result "1-0"]
[WhiteElo "1942"]
[BlackElo "1229"]
[PlyCount "77"]
[EventDate "2022.10.20"]
[WhiteTeam "SK TRZIN BUSCOTARDE"]
[BlackTeam "SS TOMO ZUPAN KRANJ"]

1. c4 e5 2. Nc3 Nf6 3. g3 Bb4 4. Bg2 O-O 5. Nf3 Nc6 6. O-O d6 7. d3 Re8 8. e4
Bg4 9. a3 Bc5 10. h3 Bd7 11. b4 Bb6 12. Bb2 Nd4 13. Kh2 a5 14. b5 Nxf3+ 15.
Qxf3 Bd4 16. Qe2 c6 17. a4 cxb5 18. axb5 Bxc3 19. Bxc3 Qc7 20. Qd2 b6 21. f4
Rac8 22. Bb2 h6 23. f5 Red8 24. Qe2 Be8 25. Bc1 Nd7 26. Bxh6 gxh6 27. Qg4+ Kh7
28. f6 Nxf6 29. Rxf6 Qe7 30. Qh4 Qf8 31. Raf1 Qg7 32. R1f5 a4 33. Rh5 Kg8 34.
Rfxh6 f6 35. Rh8+ Qxh8 36. Rxh8+ Kf7 37. Rh6 Bxb5 38. Qxf6+ Ke8 39. Rh7 1-0

[Event "23. OSREDNJA SLOVENSKA LIGA 2022"]
[Site "gostovanja"]
[Date "2022.10.20"]
[Round "5.1"]
[White "Groselj, Petra"]
[Black "Juhant, Igor"]
[Result "1/2-1/2"]
[WhiteElo "1924"]
[BlackElo "1964"]
[PlyCount "68"]
[EventDate "2022.10.20"]
[WhiteTeam "SD DOMZALE"]
[BlackTeam "SK KOMENDA POPOTNIK"]

1. e4 c6 2. Nf3 d5 3. Nc3 dxe4 4. Nxe4 Nd7 5. Bc4 Ndf6 6. Neg5 e6 7. Ne5 Nh6 8.
d4 Bd6 9. Qe2 O-O 10. O-O Qc7 11. Bf4 Nf5 12. Rad1 h6 13. Ngf3 Nd5 14. Bc1 Nfe7
15. Qe4 Nf6 16. Qh4 Nf5 17. Qf4 c5 18. dxc5 Qxc5 19. Rfe1 Nd7 20. Bb3 Qc7 21.
g4 Bxe5 22. Nxe5 Nh4 23. Nxd7 Qxf4 24. Bxf4 Nf3+ 25. Kf1 Bxd7 26. Re3 Bc6 27.
Ke2 Nh4 28. Red3 Rfe8 29. Bg3 Ng6 30. Kf1 Rac8 31. Rd6 Ne7 32. Kg1 Nd5 33. Bc4
Nf6 34. h3 Ne4 1/2-1/2

[Event "23. OSREDNJA SLOVENSKA LIGA 2022"]
[Site "gostovanja"]
[Date "2022.10.20"]
[Round "5.2"]
[White "Zidar, Jernej"]
[Black "Cokan, Mirko"]
[Result "1-0"]
[WhiteElo "1665"]
[BlackElo "1683"]
[PlyCount "123"]
[EventDate "2022.10.20"]
[WhiteTeam "SK KOMENDA POPOTNIK"]
[BlackTeam "SD DOMZALE"]

1. d4 Nf6 2. Nf3 c6 3. e3 d5 4. Bd3 Bg4 5. Nbd2 Nbd7 6. Be2 Qc7 7. b3 e5 8.
dxe5 Nxe5 9. Bb2 Bd6 10. h3 Bf5 11. O-O O-O-O 12. Nxe5 Bxe5 13. Bxe5 Qxe5 14.
Nf3 Qc7 15. Nd4 Bd7 16. Rc1 Kb8 17. c4 c5 18. cxd5 Qb6 19. Nf3 Bc6 20. Qc2 Rxd5
21. Rfd1 Rhd8 22. Rxd5 Rxd5 23. Bc4 Rd8 24. Ng5 Qc7 25. Nxf7 Rf8 26. Ng5 Qe5
27. Ne6 Rc8 28. Nf4 b6 29. Rd1 g5 30. Nd3 Qe7 31. Ne1 h5 32. Qf5 g4 33. Qe6 Qg7
34. Ba6 Bd7 35. Qe5+ Rc7 36. Rxd7 Qxd7 37. Qxf6 Qe8 38. hxg4 hxg4 39. Qg5 g3
40. Qxg3 Qd8 41. Qe5 Ka8 42. Qe4+ Kb8 43. Nd3 Re7 44. Qf4+ Ka8 45. g3 Rd7 46.
Qe4+ Kb8 47. Kg2 Qh8 48. Ne5 Rh7 49. Ng6 Qd8 50. Qe5+ Ka8 51. Nf4 Qd7 52. Qd5+
Kb8 53. Qxd7 Rxd7 54. g4 Kc7 55. g5 Kd6 56. Ne2 Ke7 57. f4 Rd2 58. a4 Rb2 59.
Bc4 Kf8 60. Kf3 a6 61. Nc3 Kg7 62. Ke4 1-0

[Event "23. OSREDNJA SLOVENSKA LIGA 2022"]
[Site "gostovanja"]
[Date "2022.10.20"]
[Round "5.3"]
[White "Zmaucar, Miha"]
[Black "More, Erlend"]
[Result "1-0"]
[WhiteElo "1465"]
[BlackElo "1615"]
[PlyCount "87"]
[EventDate "2022.10.20"]
[WhiteTeam "SD DOMZALE"]
[BlackTeam "SK KOMENDA POPOTNIK"]

1. d4 Nf6 2. c4 e5 3. d5 Bc5 4. Nf3 d6 5. Nc3 O-O 6. Bg5 h6 7. Bh4 Bf5 8. e3
Re8 9. Be2 Nbd7 10. a3 a5 11. O-O Nf8 12. Nd2 Ng6 13. Bxf6 Qxf6 14. Nde4 Qh4
15. g3 Qd8 16. Bd3 Qc8 17. Qc2 Ne7 18. Nxc5 dxc5 19. Be4 Bxe4 20. Nxe4 Qf5 21.
f3 b6 22. Rad1 Red8 23. Qg2 Qg6 24. Nc3 Nf5 25. Rfe1 Nd6 26. b3 a4 27. Qb2 axb3
28. Qxb3 Ra5 29. Rd2 Rda8 30. a4 e4 31. Rf2 exf3 32. e4 f5 33. e5 Ne4 34. Rxf3
Nxc3 35. Qxc3 Rxa4 36. Ref1 Rf8 37. Qc2 Rb4 38. Rxf5 Rxf5 39. Rxf5 Qg4 40. Rf4
Qg5 41. Qe2 Rb3 42. Kg2 Qe7 43. e6 Rb4 44. Rf7 1-0

[Event "23. OSREDNJA SLOVENSKA LIGA 2022"]
[Site "gostovanja"]
[Date "2022.10.20"]
[Round "5.1"]
[White "Justin, Matjaz"]
[Black "Hribar, Janez"]
[Result "1-0"]
[WhiteElo "2250"]
[BlackElo "1897"]
[PlyCount "95"]
[EventDate "2022.10.20"]
[WhiteTeam "SD VRHNIKA"]
[BlackTeam "SD CRNI GRABEN"]

1. e4 Nf6 2. e5 Nd5 3. d4 d6 4. Nf3 Bg4 5. Be2 e6 6. O-O Be7 7. h3 Bh5 8. c4
Nb6 9. Nc3 dxe5 10. Nxe5 Bxe2 11. Nxe2 O-O 12. b3 N8d7 13. Nf3 Bf6 14. Bb2 a5
15. a4 c6 16. Qc2 Qc7 17. Rad1 Rfd8 18. Ng3 g6 19. Ne4 Bg7 20. Ba3 Nf6 21. Bd6
Rxd6 22. Nxd6 Qxd6 23. c5 Qc7 24. cxb6 Qxb6 25. Qc4 Nd5 26. h4 h5 27. Rfe1 Rd8
28. Ne5 Qc7 29. Qd3 Kh7 30. Qf3 Rf8 31. Re4 f6 32. Nc4 e5 33. dxe5 fxe5 34. Qg3
Nf4 35. Rde1 Rf5 36. Qc3 Qe7 37. Nxe5 Qxh4 38. Qg3 Qxg3 39. fxg3 Nd5 40. Nf3 b5
41. Re6 bxa4 42. bxa4 c5 43. Rc6 Nc3 44. Re7 Nd5 45. Ra7 Kh6 46. Rxc5 Rxf3 47.
Rxg7 Rd3 48. Rd7 1-0